000 00417pam a2200157 a 4500
020 _a0471962465
040 _cDLC
082 0 0 _a662 WIL 1996 A046 Or.
100 2 _aWereko-Brobby, Charles.
245 1 0 _aBiomass conversion and technology /
260 _aChichester ;
_aNew York :
_bWiley,
_cc1996.
300 _aix, 203 p. :
_bill. ;
_c25 cm.
650 0 _aBiomass energy.
700 1 _aHagan, Essel B.
942 _cEK
999 _c13511
_d13511